000
00211nam a2200097Ia 4500
008
240331s9999 xx 000 0 und d
082
_b
ABO
100
_a
Aftab, Tahera. ed
245
0
_a
Abolish Violence
942
_c
L
999
_c
3213
_d
3213